000 00446cam a2200145 4500500
005 20251228073331.0
041 _afre
042 _adc
100 1 0 _aCasella, Philippe
_eauthor
245 0 0 _aDécentralisation de la formation professionnelle
260 _c2005.
500 _a7
786 0 _nSavoirs | 9 | 3 | 2005-09-01 | p. 9-67 | 1763-4229
856 4 1 _uhttps://shs.cairn.info/revue-savoirs-2005-3-page-9?lang=fr&redirect-ssocas=7080
999 _c1595048
_d1595048